Datum a čas kvízu
33.5
Celkem bodů
Celkový počet nahraných bodů na tomto kvízu bez doplňovacích otázek.
4.
Pořadí na kvízu
Konečné umístění týmu na tomto kvízu.
Zaznamenané odpovědi
| # | Otázka | Odpověď | Body | Výsledky |
|---|---|---|---|---|
| -14. | Který hudebník narozený v roce... | Vladimír Mišík | 1 | |
| -13. | Poměrně neobvyklé záběry se do... | ve Španělsku | 1 | |
| -12. | Ve čtvrtek měl v Hudebním diva... | Anděl Páně | 1 | |
| -11. | Která dvě křestní jména (jedno... | Eliška, Jakub | 1 | |
| -10. | Fotbalisté Barcelony nastoupil... | Rolling Stones. | 0 | |
| 1. | Celosvětově se tento typický i... | latte macchiato | 0 | |
| 2. | Tradiční, světově proslulou om... | Tabasco | 0 | |
| 3. | Tentokrát se vydáme do Asie. N... | C | 0 | |
| 4. | V Indii, ale i v ostatních zem... | tandúr (tandoor) | 0 | |
| 5. | Při svých cestách Slovenskem m... | žinčica | 0 |